01834 2200697 4500001002100000005001500021035002500036008000400061082001600065090001800081100002100099245011300120260003400233300003700267500002900304500006700333650001700400850001200417985000600429999001500435020001800450040001200468084001600480250002500496440001900521700001900540700002000559041001300579990001800592990001800610990001600628990001600644990001700660990001600677990001700693990001800710990001600728990001800744990001800762990001600780990001700796990001600813990001700829990001800846990001600864990001800880990001800898990001600916990001700932990001600949990001700965990001800982990001701000990001801017990001801035990001601053990001601069990001601085990001701101990001801118YOGYA-0209000000690320180518102936 a0010-020900000006903ind042[23]a616.7 aT 616.7 Com B1 aCOMPSTON, Juliet1 aBimbingan dokter pada osteoporosis /cJuliet Compston; alih bahasa, Lisa Budihardjo; editor, Ayodya L. Ryadi aJakarta :bDian Rakyat,c2002 a96 halaman :bilustrasi ;c23 cm aJudul asli: Osteoporosis aTeks dalam bahasa Indonesia, diterjemahkan dari bahasa Inggris 4aOsteoporosis aYOPDYOG a2 aP000026257 a979-523-557-5 aYOPDYOG a616.7 Com B aCetakan pertama 2002 aSeri kesehatan1 aLISA BUDIHARJO1 aAYODYA L. RYADI0 aindheng a34021-PD/A.08 a34024-PD/A.08 a205-PD/P.04 a206-PD/P.04 a3190-PD/B.04 a207-PD/P.04 a3189-PD/B.04 a34023-PD/A.08 a206-PD/P.04 a34021-PD/A.08 a34024-PD/A.08 a205-PD/P.04 a3190-PD/B.04 a207-PD/P.04 a3189-PD/B.04 a34023-PD/A.08 a205-PD/P.04 a34021-PD/A.08 a34024-PD/A.08 a206-PD/P.04 a3190-PD/B.04 a207-PD/P.04 a3189-PD/B.04 a34023-PD/A.08 a3190-PD/B.04 a34021-PD/A.08 a34024-PD/A.08 a205-PD/P.04 a206-PD/P.04 a207-PD/P.04 a3189-PD/B.04 a34023-PD/A.08